Trade and transport facilitation assessment (Record no. 79304)
[ view plain ]
| 000 -LEADER | |
|---|---|
| fixed length control field | 01522nam a2200337Ia 4500 |
| 245 00 - TITLE STATEMENT | |
| Title | Trade and transport facilitation assessment |
| 260 ## - PUBLICATION, DISTRIBUTION, ETC. (IMPRINT) | |
| Place of publication | Washington, D.C. : |
| Name of publisher | World Bank, |
| Year of publication | 2010. |
| 300 ## - PHYSICAL DESCRIPTION | |
| Number of Pages | ix, 93 p. |
| 490 0# - SERIES STATEMENT | |
| Series statement | World Bank study |
| 650 #0 - SUBJECT ADDED ENTRY--TOPICAL TERM | |
| Topical Term | International trade |
| Topical Term | Transportation |
| 700 1# - ADDED ENTRY--PERSONAL NAME | |
| Personal name | Haddad, Mona. |
| Personal name | Juhel, Marc. |
| 856 40 - ELECTRONIC LOCATION AND ACCESS | |
| Uniform Resource Identifier | http://site.ebrary.com/lib/rucke/Doc?id=10408441 |
No items available.
